|
|
|
|
| LEADER |
00000nab a2200000 a 4500 |
| 001 |
vtls008157721 |
| 003 |
SK-MaSNL |
| 005 |
20260304032334.0 |
| 008 |
050601c2005 xo wr|p|||||||000 b|slo |
| 015 |
|
|
|a SNBRB2005/06
|2 snkbucl
|
| 038 |
|
|
|a SNKBUCL
|
| 040 |
|
|
|a SNKBUCL
|b slo
|c SNKBUCL
|e AACR2
|
| 041 |
0 |
|
|a slo
|
| 044 |
|
|
|a xo
|c SK
|
| 080 |
|
|
|a 796.332.071.4
|2 UDC-MRF-SK2
|
| 100 |
1 |
|
|a Ondruš, Branislav,
|d 1973-
|4 ivr
|4 aut
|9 167127
|
| 245 |
1 |
0 |
|a Štát musí investovať viac do mladých než do zahraničných firiem
|b Dušan Galis, hlavný tréner A-mužstva slovenskej futbalovej reprezentácie
|c s hosťom Slova sa zhováral Braňo Ondruš
|
| 300 |
|
|
|b Fotogr.
|
| 600 |
1 |
7 |
|a Galis, Dušan,
|d 1949-
|2 snkbucl
|9 220182
|
| 650 |
0 |
7 |
|a futbal
|2 snkbucl
|9 3291
|
| 651 |
|
7 |
|a Slovensko
|x šport
|2 snkbucl
|9 1185194
|
| 773 |
0 |
|
|t Slovo. Spoločensko-politický týždenník
|g Roč. VII, č. 19 (2005), s. 4-5
|x 1335-468X
|
| 852 |
|
|
|a SNK
|b KIS3GCP
|
| 999 |
|
|
|c 2642659
|d 2644589
|